guess the kpop group by emoji #2 - Statistics

General Stats
  • This quiz has been taken 388 times
  • The average score is 7 of 16
Answer Stats
Answer % Correct
KATSEYE
92%
The Rose
81%
BTS
62%
KARD
53%
H1key
52%
WINNER
48%
Limelight
43%
Secret Number
40%
SHINee
40%
Monsta X
39%
BEWAVE
30%
MEOVV
29%
ILLIT
24%
IZNA
21%
EVERGLOW
20%
CLASS:Y
2%
No matching quizzes found
Score Distribution
Percent of People with Each Score
Percentile by Number Answered
Your Score History
You have not taken this quiz